| 000 | 00771nam a2200241 a 4500 | ||
|---|---|---|---|
| 005 | 20240524071152.0 | ||
| 008 | 211123s2014 ii 000 0 eng d | ||
| 020 | _a9789389974706 | ||
| 040 |
_aDLC _beng _eAACR2 |
||
| 041 | 0 | _aeng | |
| 082 | 0 | 4 | _a025.068 |
| 100 | _a K Veeranjaneyulu | ||
| 245 | 0 | 0 |
_aEmerging technologies in infomation management _c/ K. Veeranjaneyulu, T. Sreennivasa Rao, P. Adi Seshaiah editor |
| 260 |
_a Sultan Bazar _b: BS publications _c, 2014 |
||
| 300 |
_axviii, 294 p. _c; 24 cm |
||
| 504 | _aIncludes bibliographical references and index. | ||
| 653 | 0 | _aInfomation | |
| 653 | 0 | _aManagement | |
| 700 | 1 |
_a K. , Veeranjaneyulu _e: editor |
|
| 700 | 1 |
_aT. Sreennivasa, Rao _e: editor |
|
| 700 | 1 |
_aP. Adi, Seshaiah _e: editor |
|
| 942 |
_2ddc _cBK |
||
| 999 |
_c9 _d9 |
||